[Event "OMA-ch 11th"]
[Site "Muscat"]
[Date "2024.01.31"]
[Round "9"]
[White "Al Aisaee, Anat"]
[Black "Al Dhiyabi, Mohammed"]
[Result "0-1"]
[WhiteElo "1439"]
[BlackElo "1503"]
[PlyCount "86"]
[EventDate "2024.01.24"]
[EventType "swiss"]
[EventRounds "9"]
[EventCountry "OMN"]
[SourceTitle "CB06_2024"]
[SourceDate "2024.02.07"]
[SourceVersion "1"]
[SourceVersionDate "2024.02.07"]
[SourceQuality "1"]

1. e4 d5 2. exd5 Qxd5 3. Nf3 Bg4 4. Be2 Nc6 5. d4 0-0-0 6. c4 Qh5 7. d5 e6 8. Nc3 Nf6 9. 0-0 exd5 10. h3 dxc4 11. Qa4 Bd7 12. Ng5 Qg6 13. Bxc4 Ne5 14. Qxa7 Bc6 15. Bb5 h6 16. Bf4 Bd6 17. Rad1 Rhe8 18. Bxe5 Rxe5 19. Bxc6 bxc6 20. Nf3 Rh5 21. Rfe1 Nd5 22. Nxd5 cxd5 23. Ne5 Rxe5 24. Rxe5 Bxe5 25. Qa8+ Kd7 26. Qxd5+ Bd6 27. Re1 Rb8 28. b4 Rxb4 29. Qa8 Qe6 30. Kf1 Qc4+ 31. Kg1 Qe2 32. Rc1 Re4 33. Qa5 Re5 34. Qc3 Ke7 35. Rb1 Qxa2 36. Ra1 Qe2 37. g3 f6 38. Rf1 Qe4 39. Qc1 Qf5 40. g4 Qf3 41. Re1 Qxh3 42. Rxe5+ Bxe5 43. Qc5+ Bd6 0-1

[Event "OMA-chT 6th"]
[Site "Muscat"]
[Date "2023.08.08"]
[Round "7.3"]
[White "Al Dhiyabi, Mohammed"]
[Black "Al Hanai, Said Hashil"]
[Result "0-1"]
[WhiteElo "1520"]
[BlackElo "1392"]
[PlyCount "126"]
[EventDate "2023.08.03"]
[EventType "team-swiss"]
[EventRounds "9"]
[EventCountry "OMN"]
[SourceTitle "EXT 2024"]
[Source "ChessBase"]
[SourceDate "2023.10.10"]
[SourceVersion "1"]
[SourceVersionDate "2023.10.10"]
[SourceQuality "1"]
[WhiteTeam "Taqah"]
[BlackTeam "Al Salam"]
[WhiteTeamCountry "OMN"]
[BlackTeamCountry "OMN"]

1. d4 d5 2. c4 e6 3. Nc3 Nf6 4. Bf4 Bd6 5. Bg3 Bxg3 6. hxg3 Nc6 7. e3 a6 8. Nf3 Bd7 9. a3 Ne7 10. b4 h6 11. Bd3 Nf5 12. cxd5 exd5 13. Ne5 Nd6 14. Rc1 Bf5 15. Bxf5 Nxf5 16. Qc2 Nd6 17. g4 c6 18. g5 Nfe4 19. gxh6 gxh6 20. Ne2 Rc8 21. f3 Ng5 22. g4 Qf6 23. Nf4 Nc4 24. Nh5 Qd8 25. Nxc4 Nxf3+ 26. Ke2 Nxd4+ 27. exd4 dxc4 28. Qxc4 Qe7+ 29. Kd3 0-0 30. Rce1 Qg5 31. Re5 Qg6+ 32. Kc3 b5 33. Qd3 a5 34. bxa5 Ra8 35. Qxg6+ fxg6 36. Ng3 Rf3+ 37. Kb4 Rxg3 38. Rxh6 Rxg4 39. Re6 Kg7 40. Rh3 Rxd4+ 41. Kc5 Kf7 42. Ree3 Ra4 43. Kxc6 R8xa5 44. Ref3+ Kg7 45. Rd3 b4 46. axb4 Rxb4 47. Rd7+ Kf6 48. Rd6+ Kf5 49. Rd5+ Rxd5 50. Kxd5 g5 51. Rh1 g4 52. Rf1+ Rf4 53. Rg1 Ra4 54. Rf1+ Kg5 55. Ke5 g3 56. Rf8 Kg4 57. Rg8+ Kh3 58. Rh8+ Kg2 59. Rg8 Kf2 60. Rf8+ Kg1 61. Rf7 g2 62. Rf6 Rh4 63. Rb6 Kh1 0-1

[Event "OMA-chT"]
[Site "Muscat"]
[Date "2020.01.30"]
[Round "8.4"]
[White "Al Dhiyabi, Mohammed"]
[Black "Salim Issa, Ali Shamas"]
[Result "0-1"]
[WhiteElo "1499"]
[BlackElo "1880"]
[PlyCount "110"]
[EventDate "2020.01.25"]
[EventType "team-swiss"]
[EventRounds "9"]
[EventCountry "OMN"]
[SourceTitle "CBM 194 Extra"]
[Source "ChessBase"]
[SourceDate "2020.03.31"]
[SourceVersion "1"]
[SourceVersionDate "2020.03.31"]
[SourceQuality "1"]

1. d4 Nf6 2. Bf4 e6 3. e3 b6 4. Nd2 Bb7 5. Ngf3 c5 6. c3 Nc6 7. Bd3 cxd4 8. exd4 Be7 9. 0-0 0-0 10. Re1 d6 11. Qc2 Rc8 12. a3 Qc7 13. Ng5 h6 14. Nge4 Nxd4 15. Nxf6+ Bxf6 16. Qd1 e5 17. Bxh6 gxh6 18. Qg4+ Kh8 19. cxd4 Rg8 20. Qf5 Rxg2+ 21. Kf1 Rg6 22. Qh5 e4 23. Nxe4 Bg7 24. Ng3 Rg5 25. Qh4 Rg8 26. Nf5 Rxf5 27. Bxf5 Ba6+ 28. Re2 Bxe2+ 29. Kxe2 Qc4+ 30. Bd3 Re8+ 31. Kd2 Qxd4 32. Qxd4 Bxd4 33. Kc2 Kg7 34. f3 Re3 35. Be4 Be5 36. Rg1+ Kf8 37. Rg2 f5 38. Bd5 Re1 39. Rg8+ Ke7 40. Ra8 Re2+ 41. Kd3 Rxb2 42. Rxa7+ Kf6 43. Ra6 Bxh2 44. Kc3 Be5+ 45. Kd3 h5 46. Ra4 Kg5 47. Ke3 f4+ 48. Kd3 h4 49. Ra8 h3 50. Rg8+ Kh6 51. Rg1 h2 52. Rh1 Kg5 53. Ke4 Kh4 54. Bc4 Kg3 55. Bf1 Ra2 0-1